The media in Bangladesh : crisis, challenges and transition /

Bibliographic Details
Main Author: Chowdhury, Afsan (Author, http://id.loc.gov/vocabulary/relators/aut)
Format: Book
Language:English
Published: Dhaka : Kathaprokash, 2024.
Subjects:
Classic Catalogue: View this record in Classic Catalogue
LEADER 01542nam a2200349 i 4500
001 45327
003 BD-DhAAL
005 20260206194700.0
008 260205t202402 bg b 000 0 eng
010 |a  2024365737 
020 |a 9789849892779 
025 |a B-E-2024365737; 22-92 
037 |b Library of Congress -- New Delhi Overseas Office 
040 |a DLC  |b eng  |e rda  |c DLC  |d DLC  |d DLC-MRC  |d DLC  |d BD-DhAAL 
042 |a lcode  |a pcc 
043 |a a-bg--- 
050 0 0 |a PN5449.B26  |b C38 2024 
082 |a 302.23095492  |2 22 
100 1 |a Chowdhury, Afsan.  |e author  |4 http://id.loc.gov/vocabulary/relators/aut  |9 13340 
245 1 4 |a The media in Bangladesh :  |b crisis, challenges and transition /  |c Afsan Chowdhury. 
260 |a Dhaka :  |b Kathaprokash,  |c 2024. 
300 |a 183 pages ;  |c 22 cm 
504 |a Includes bibliographical references. 
526 8 |a ENH  |x Sabreena Ahmed, PhD Associate Professor Department of English and Humanities 
541 1 |a Hye Trade International   |e 45327 
650 0 |a Mass media  |z Bangladesh. 
650 0 |a Journalism  |z Bangladesh. 
650 0 |a Mass media  |x Censorship  |z Bangladesh.  |9 60241 
650 0 |a Bengali newspapers  |z Bangladesh.  |9 58004 
942 |2 ddc  |c BK 
999 |c 47680  |d 47680 
952 |0 0  |1 0  |2 ddc  |4 0  |6 302_230954920000000_CHO  |7 0  |9 78750  |a BRACUL  |b BRACUL  |c NEW  |d 2026-01-29  |e Hye Trade International  |g 351.00  |l 1  |m 2  |o 302.23095492 CHO  |p 3010045327  |r 2026-05-07  |s 2026-04-23  |t 1  |v 702.00  |w 2026-01-29  |y BK  |x Requisitioned by Sabreena Ahmed, PhD (Associate Professor, Department of English and Humanities, BRAC University)